00429nam a2200157Ia 4500001000500000005001700005008004100022041000800063082001500071100002500086245010700111260000900218300002800227650000800255654000800263271120260306144827.0260306t2020||||xx |||||||||||||| ||spa|| aESP a214.8bS55 aSilva, Ignacio,eAUT 0aLa providencia humana y divina :baproximaciones desde la filosofía, la psicología y la teología c2020 a296 páginas :c20 cm. aGEN aCHU